000 00599nam a2200241Ia 4500
003 OSt
005 20221005121756.0
006 a|||||r|||| 00| 0
007 ta
008 221004b |||||||| |||| 00| 0 tam d
024 _a47993
037 _cTextual
040 _aCRL
_cCRL
_btam
041 _2tam
_atam
082 _aO31,1A:g, K2
100 _aVaradharajan Au.
_9625726
245 0 _aIlakkiyd kathigal
260 _c1962
650 _a TAMIL POETRY
650 _aTAMIL LITERATURE
942 _hO31,1A:g, K2
_cTEXL
_2cc
999 _c1042228
_d1042228